000 00457nam a2200169Ia 4500
003 GCL
008 140319s9999 xx 000 0 ara d
040 _aGCL /
_cGCL
082 0 4 _a791.5
_bا خ
100 1 _aابراهيم حمادة
245 1 0 _aخيال الظل وتمثليات ابن دانيال /
_cابراهيم حمادة
300 _a241 ص
490 _a
650 0 4 _aالمسرح
650 0 4 _aمسرح العرائس
942 _2ddc
_cBK
999 _c44474
_d44474